A carregar...
Polar rearrangements /
| Autor principal: | |
|---|---|
| Formato: | Printed Book |
| Publicado em: |
Oxford ; New York :
Oxford University Press,
1992.
|
| Assuntos: | |
| Acesso em linha: | http://www.loc.gov/catdir/enhancements/fy0606/91026884-d.html http://www.loc.gov/catdir/enhancements/fy0606/91026884-t.html |
| LEADER | 00695pam a2200181 a 4500 | ||
|---|---|---|---|
| 020 | |a 0198556713 (hardback) : | ||
| 020 | |a 0198556705 (paperback) : | ||
| 082 | 0 | 0 | |a 547.1/22 |
| 100 | 1 | |a Harwood, Laurence M. | |
| 245 | 1 | 0 | |a Polar rearrangements / |
| 260 | |a Oxford ; |a New York : |b Oxford University Press, |c 1992. | ||
| 300 | |a 96 p. ; | ||
| 650 | 0 | |a Rearrangements (Chemistry) | |
| 856 | 4 | 2 | |u http://www.loc.gov/catdir/enhancements/fy0606/91026884-d.html |
| 856 | 4 | 1 | |u http://www.loc.gov/catdir/enhancements/fy0606/91026884-t.html |
| 942 | |c BK | ||
| 999 | |c 106839 |d 106839 | ||
| 952 | |0 0 |1 0 |4 0 |6 547_100000000000000_N2 |7 0 |9 101557 |a SCS |b SCS |d 2014-08-11 |l 1 |o 547.1 N2 |p SCS02043 |r 2016-08-30 |s 2016-03-18 |w 2014-08-11 |y BK | ||